000 00286nam a22001337a 4500
008 170731b xxu||||| |||| 00| 0 eng d
020 _a380091543-X
041 _ager
080 _a004
100 _a32
101 _aSHK
245 _aINFORMATIONS- TECHNIK
_cSIEMENS
942 _2udc
_cBK
999 _c22256
_d22256